Australian City Skylines - Statistics

General Stats
  • This quiz has been taken 104 times
  • The average score is 8 of 9
Answer Stats
Picture Answer % Correct
Perth
100%
Sydney
100%
Melbourne
98%
Adelaide
97%
Brisbane
96%
Canberra
91%
Darwin
87%
Hobart
87%
Newcastle
66%
No matching quizzes found
Score Distribution
Percent of People with Each Score
Percentile by Number Answered
Your Score History
You have not taken this quiz